| 000 | 00557nam a2200181 i 4500 | ||
|---|---|---|---|
| 001 | 75616 | ||
| 003 | ES-MaACL | ||
| 005 | 20250809012710.0 | ||
| 007 | t| | ||
| 008 | 040927s1929 sp |||| | spa d | ||
| 100 | 1 |
_aGual Villalbí, Pedro. _960287 |
|
| 245 | 1 | 0 |
_aComentarios alrededor de nuestra actual política arancelaria / _cPedro Gual Villalbí. |
| 260 |
_aBarcelona : _bA. López, _c1929. |
||
| 300 |
_a56 p. ; _c22 cm. |
||
| 650 | 7 |
_aAranceles de aduanas- _zEspaña _2 _9155364 |
|
| 852 |
_aES-MaACL _j1727-F-14 |
||
| 999 |
_c75616 _d75616 |
||